Tyre curing envelops (Record no. 74828)

MARC details
000 -LEADER
fixed length control field 00362nam a22001337a 4500
082 ## - DEWEY DECIMAL CLASSIFICATION NUMBER
Classification number RIB.25 678.065:678.028
Item number MAJ
100 ## - MAIN ENTRY--AUTHOR NAME
Personal name MAJUMDAR (Samir)
245 ## - TITLE STATEMENT
Title Tyre curing envelops
246 ## - VARYING FORM OF TITLE
Title proper/short title Rubber Industry Books Box. Paocketbook. 25
260 ## - PUBLICATION, DISTRIBUTION, ETC. (IMPRINT)
Place of publication Thailand
Name of publisher Technobiz Communications
Year of publication 2018
300 ## - PHYSICAL DESCRIPTION
Number of Pages 35p.
650 ## - SUBJECT ADDED ENTRY--TOPICAL TERM
Topical Term Tyre curing envelops
942 ## - ADDED ENTRY ELEMENTS (KOHA)
Koha item type Books
Holdings
Withdrawn status Lost status Damaged status Not for loan Home library Current library Date acquired Source of acquisition Full call number Accession Number Koha item type
        RRII Library RRII Library 12/07/2022 Marithi Subscription Services, Hyderabad RIB.25 678.065:678.028 MAJ 23579 Books